| 000 | 00917nac a22002531u 4500 | ||
|---|---|---|---|
| 010 | _a 93037699 | ||
| 020 | _a0810388774 (acid-free paper) | ||
| 082 | 0 | 0 |
_a363.70097 _bHOY |
| 090 |
_c7007 _d7007 |
||
| 100 | _aHoyle, Russ [ed.] | ||
| 245 | 0 | 0 |
_aGale environmental almanac / _c[edited by] Russ Hoyle ; foreword by Russell E. Train. |
| 260 |
_aDetroit : _bGale Research Inc.,c1993. _cc1993. |
||
| 300 |
_axx, 684 p. : _bill., maps ; _c29 cm. |
||
| 440 | 0 | _aGale environmental library | |
| 500 | _aDonations - AUC. | ||
| 500 | _aDonations. | ||
| 504 | _aInclude bibliographical references and index. | ||
| 511 | _aCatalogued By: Mahitab. | ||
| 650 | 0 |
_aEnvironmental education _zUnited States. |
|
| 650 | 0 |
_aEnvironmental policy _zUnited States. |
|
| 650 | 0 |
_aSustainable development _zUnited States. |
|
| 740 | 0 | _aEnvironmental almanac. | |
| 942 |
_cNB _k363.70097HOY |
||
| 999 |
_c7007 _d7007 |
||